<?xml version="1.0" encoding="UTF-8"?>
<record
    xmlns:xsi="http://www.w3.org/2001/XMLSchema-instance"
    xsi:schemaLocation="http://www.loc.gov/MARC21/slim http://www.loc.gov/standards/marcxml/schema/MARC21slim.xsd"
    xmlns="http://www.loc.gov/MARC21/slim">

  <leader>02740nam a2200493 i 4500</leader>
  <controlfield tag="001">193260</controlfield>
  <controlfield tag="003">SpMaBN</controlfield>
  <controlfield tag="005">20250827052658.0</controlfield>
  <controlfield tag="007">ta</controlfield>
  <controlfield tag="008">130906s2013    sp a   | |||| 000 0aspa  </controlfield>
  <datafield tag="017" ind1=" " ind2=" ">
    <subfield code="a">M 10988-2013</subfield>
    <subfield code="b">Oficina Dep&#xF3;sito Legal Madrid</subfield>
  </datafield>
  <datafield tag="020" ind1=" " ind2=" ">
    <subfield code="a">9788415244974</subfield>
  </datafield>
  <datafield tag="035" ind1=" " ind2=" ">
    <subfield code="a">(OCoLC)864334000</subfield>
  </datafield>
  <datafield tag="035" ind1=" " ind2=" ">
    <subfield code="a">a5394583</subfield>
  </datafield>
  <datafield tag="040" ind1=" " ind2=" ">
    <subfield code="a">SpMaBN</subfield>
    <subfield code="b">spa</subfield>
    <subfield code="c">SpMaBN</subfield>
    <subfield code="e">rdc</subfield>
  </datafield>
  <datafield tag="080" ind1=" " ind2=" ">
    <subfield code="a">913(548)(036)</subfield>
  </datafield>
  <datafield tag="080" ind1=" " ind2=" ">
    <subfield code="a">914.973</subfield>
  </datafield>
  <datafield tag="080" ind1=" " ind2=" ">
    <subfield code="a">908(439)</subfield>
  </datafield>
  <datafield tag="100" ind1="1" ind2=" ">
    <subfield code="a">Nistal, Gloria</subfield>
    <subfield code="0">XX1740682</subfield>
    <subfield code="e">aut</subfield>
    <subfield code="9">234310</subfield>
  </datafield>
  <datafield tag="245" ind1="1" ind2="0">
    <subfield code="a">No vi tigres en Kerala /</subfield>
    <subfield code="c">Gloria Nistal</subfield>
  </datafield>
  <datafield tag="250" ind1=" " ind2=" ">
    <subfield code="a">Primera edici&#xF3;n: 2013</subfield>
  </datafield>
  <datafield tag="260" ind1=" " ind2=" ">
    <subfield code="a">Madrid :</subfield>
    <subfield code="b">Pigmali&#xF3;n Edypro,</subfield>
    <subfield code="c">2013</subfield>
  </datafield>
  <datafield tag="300" ind1=" " ind2=" ">
    <subfield code="a">234 p&#xE1;ginas, 3 l&#xE1;minas (color) ;</subfield>
    <subfield code="c">21 cm</subfield>
  </datafield>
  <datafield tag="336" ind1=" " ind2=" ">
    <subfield code="a">Texto (visual)</subfield>
    <subfield code="2">isbdcontent</subfield>
  </datafield>
  <datafield tag="337" ind1=" " ind2=" ">
    <subfield code="a">sin mediaci&#xF3;n</subfield>
    <subfield code="2">isbdmedia</subfield>
  </datafield>
  <datafield tag="338" ind1=" " ind2=" ">
    <subfield code="2">rdacarrier</subfield>
    <subfield code="a">volumen</subfield>
  </datafield>
  <datafield tag="490" ind1="1" ind2=" ">
    <subfield code="a">Narrativa</subfield>
  </datafield>
  <datafield tag="500" ind1=" " ind2=" ">
    <subfield code="a">&#xCD;ndice</subfield>
  </datafield>
  <datafield tag="500" ind1=" " ind2=" ">
    <subfield code="a">Galer&#xED;a fotogr&#xE1;fica: p. [235-237] </subfield>
  </datafield>
  <datafield tag="505" ind1=" " ind2=" ">
    <subfield code="a">Contiene: India del Sur; Montenegro y Hungr&#xED;a (Budapest)</subfield>
  </datafield>
  <datafield tag="520" ind1=" " ind2=" ">
    <subfield code="a">Posiblemente, los relatos de viajes son el exponente de las m&#xFA;ltiples facetas de Gloria Nistal como autora. En estos libros encontramos un sinf&#xED;n de rasgos que definen su personalidad y su estilo, entre los que es caracter&#xED;stica muy destacada la combinaci&#xF3;n de diversos contenidos y formas. En sus escritos, casi siempre, se mezclan, o tal vez se complementan, lo m&#xE1;s doloroso y lo m&#xE1;s divertido, lo po&#xE9;tico y lo coloquial, lo que nos divierte y lo que nos hace pensar&#x2026; A trav&#xE9;s de la lectura de sus libros de viajes llegamos a sentir que participamos de alg&#xFA;n modo en cada uno de los itinerarios descritos, contemplamos la belleza de sus paisajes, disfrutamos de sus manifestaciones art&#xED;sticas, aprendemos su historia, observamos a sus gentes, conocemos nuevas formas de vida, ensanchamos nuestro mundo y nos enriquecemos espiritualmente.

En esta ocasi&#xF3;n nos habla de la India del sur y de un segundo viaje en el que visita dos pa&#xED;ses europeos: Montenegro y Hungr&#xED;a.</subfield>
  </datafield>
  <datafield tag="651" ind1=" " ind2="4">
    <subfield code="a">India meridional-</subfield>
    <subfield code="x">Descripci&#xF3;n</subfield>
    <subfield code="2">embne</subfield>
    <subfield code="9">234389</subfield>
  </datafield>
  <datafield tag="651" ind1=" " ind2="4">
    <subfield code="a">Montenegro-</subfield>
    <subfield code="x">Descripci&#xF3;n</subfield>
    <subfield code="9">234390</subfield>
  </datafield>
  <datafield tag="651" ind1=" " ind2="4">
    <subfield code="a">Hungr&#xED;a-</subfield>
    <subfield code="x">Descripci&#xF3;n</subfield>
    <subfield code="9">164203</subfield>
  </datafield>
  <datafield tag="655" ind1=" " ind2="0">
    <subfield code="a">Narraciones de viajes</subfield>
    <subfield code="9">233914</subfield>
  </datafield>
  <datafield tag="830" ind1=" " ind2=" ">
    <subfield code="9">234388</subfield>
    <subfield code="a">Narrativa Pigmali&#xF3;n</subfield>
  </datafield>
  <datafield tag="852" ind1=" " ind2=" ">
    <subfield code="a">ES-MaACL</subfield>
    <subfield code="b">R. 154659</subfield>
    <subfield code="c">DEPOJ</subfield>
    <subfield code="j">N-9431</subfield>
    <subfield code="9">200690</subfield>
    <subfield code="x">Encuadernaci&#xF3;n r&#xFA;stica con solapas</subfield>
    <subfield code="h">Donaci&#xF3;n: Gloria Nistal</subfield>
  </datafield>
  <datafield tag="903" ind1=" " ind2=" ">
    <subfield code="a">Nistal, Gloria</subfield>
    <subfield code="e">dnr</subfield>
    <subfield code="9">234310</subfield>
  </datafield>
  <datafield tag="942" ind1=" " ind2=" ">
    <subfield code="n">0</subfield>
    <subfield code="c">MONOGRAFIA</subfield>
  </datafield>
  <datafield tag="999" ind1=" " ind2=" ">
    <subfield code="c">193260</subfield>
    <subfield code="d">193260</subfield>
  </datafield>
  <datafield tag="952" ind1=" " ind2=" ">
    <subfield code="0">0</subfield>
    <subfield code="1">0</subfield>
    <subfield code="2">udc</subfield>
    <subfield code="4">0</subfield>
    <subfield code="7">0</subfield>
    <subfield code="a">ATENEOM</subfield>
    <subfield code="b">ATENEOM</subfield>
    <subfield code="c">DEPOJ</subfield>
    <subfield code="d">2023-10-25</subfield>
    <subfield code="e">DONACION</subfield>
    <subfield code="j">1</subfield>
    <subfield code="l">0</subfield>
    <subfield code="o">N-9431</subfield>
    <subfield code="p">101205978</subfield>
    <subfield code="r">2023-10-25 00:00:00</subfield>
    <subfield code="y">MONOGRAFIA</subfield>
  </datafield>
</record>
